Countries With the Most Successful Green Parties - Statistics

General Stats
  • This quiz has been taken 662 times
    58 since last reset
  • The average score is 29 of 40
Answer Stats
% Seats Country % Correct
13.49 Germany
96%
11.71 Germany
96%
4.73 Norway
96%
5.16 Sweden
96%
5.08 Sweden
96%
6.75 United Kingdom
96%
17.14 Denmark
94%
17.66 Denmark
94%
15.33 Netherlands
94%
14.87 Netherlands
94%
6.50 Finland
92%
7.04 Finland
92%
15.50 Switzerland
90%
17.33 Switzerland
90%
6.00 Belgium
88%
7.58 Belgium
88%
8.74 Austria
86%
8.82 Austria
86%
5.11 Portugal
84%
12.20 Australia
80%
6.67 Luxembourg
78%
8.55 Luxembourg
78%
12.30 New Zealand
76%
11.61 New Zealand
76%
5.78 Chile
68%
15.00 Mexico
68%
8.72 Mexico
68%
6.62 Croatia
64%
9.10 Croatia
64%
6.51 Colombia
62%
6.59 Colombia
62%
5.53 Hungary
60%
8.00 Liechtenstein
52%
10.87 Liechtenstein
52%
10.17 Turkey
50%
8.90 Turkey
50%
5.36 Cyprus
42%
4.94 Montenegro
36%
10.67 Uzbekistan
4%
13.12 Uzbekistan
4%
No matching quizzes found
Score Distribution
Percent of People with Each Score
Percentile by Number Answered
Your Score History
You have not taken this quiz since the last reset